LEADER 01143cam0-22003491i-450- 001 990001855160403321 005 20160323175124.0 035 $a000185516 035 $aFED01000185516 035 $a(Aleph)000185516FED01 035 $a000185516 100 $a20030910d1816----km-y0itay50------ba 101 0 $aita 105 $ay-------001yy 200 1 $aIstruzione sulla coltivazione e sugli usi dei pomi di terra o sia patate$f[Aprilis Bartolomeo] 205 $aEdizione seconda 210 $aUdine$cnella tipografia Vendrame$d1816 215 $a96 p.$d8° 307 $aSegn.: [1]? 2-6? 314 $aDi Bartolomeo Aprilis, cfr. Melzi, Dizionario di opere anonime e pseudonime di scrittori italiani, 2, p. 54 610 0 $aPatate 610 0 $aLibri rari$a1800-1830 620 $aItalia.$dUdine 676 $a635.21$zita 700 1$aAprilis,$bBartolomeo$0306328 801 0$aIT$bUNINA$gRICA$2UNIMARC 901 $aAQ 912 $a990001855160403321 952 $a60 094.3 B 12/6$b1109$fFAGBC 959 $aFAGBC 996 $aIstruzione sulla coltivazione e sugli usi dei pomi di terra o sia patate$9413945 997 $aUNINA LEADER 01739oam 2200493Ia 450 001 9910701724003321 005 20120507091604.0 035 $a(CKB)5470000002420861 035 $a(OCoLC)793200995 035 $a(EXLCZ)995470000002420861 100 $a20120507d1985 ua 0 101 0 $aeng 135 $aurbn||||||||| 181 $ctxt$2rdacontent 182 $cc$2rdamedia 183 $acr$2rdacarrier 200 12$aA mosaic infrared sensor for space astronomy$b[electronic resource] $ethird quarterly report, phase III /$fAshok K. Seed 210 1$aLexington, MA :$cHoneywell, Inc. ;$aWashington, D.C. :$cNASA Headquarters, Astrophysics Division,$d[1985?] 215 $a1 online resource (8 pages) $cillustrations 225 1 $a[NASA contractor report] ;$vNASA CR-176370 300 $aTitle from title screen (viewed on May 7, 2012). 517 $aMosaic infrared sensor for space astronomy 606 $aArrays$2nasat 606 $aCarrier density (solid state)$2nasat 606 $aInfrared detectors$2nasat 606 $aLow temperature tests$2nasat 606 $aMercury cadmium tellurides$2nasat 606 $aMosaics$2nasat 615 7$aArrays. 615 7$aCarrier density (solid state) 615 7$aInfrared detectors. 615 7$aLow temperature tests. 615 7$aMercury cadmium tellurides. 615 7$aMosaics. 700 $aSeed$b Ashok K$01401816 712 02$aHoneywell Inc. 712 02$aUnited States.$bNational Aeronautics and Space Administration.$bAstrophysics Division. 801 0$bGPO 801 1$bGPO 801 2$bGPO 906 $aBOOK 912 $a9910701724003321 996 $aA mosaic infrared sensor for space astronomy$93471041 997 $aUNINA